Easiest quiz ever - Statistics

General Stats
  • This quiz has been taken 50 times
    24 since last reset
  • The average score is 14 of 15
Answer Stats
effortless question what u think % Correct
what is 1*1 1
100%
what is 5 + 5 10
100%
what is 1+1 2 | 11
100%
what comes after d a b c d {e}
100%
on what do you sleep bed | sofa
100%
what is the darkest color black
100%
what color is a bear (usually) brown
100%
on what planet do we live earth
100%
what is this site called jetpunk
100%
what color does the sun have yellow
100%
what is 100 + 100 200
95%
how do you say yes in english yes
95%
last letter of the alphabet z | t
95%
what do you have in the above {quiz}zes
74%
with what do you think with a {brain}
74%
No matching quizzes found
Score Distribution
Percent of People with Each Score
Percentile by Number Answered
Your Score History
You have not taken this quiz since the last reset